| 000 | 00565nam a2200169Ia 4500 | ||
|---|---|---|---|
| 008 | 090201s9999 xx 000 0 und d | ||
| 010 | _aKPL-63740 | ||
| 040 | _bमराठी | ||
| 041 | _aमराठी | ||
| 082 |
_a1588 _b63740 |
||
| 100 | _aनंदकुमार टेणी | ||
| 245 |
_aशिवसेनाप्रमुख _cनंदकुमार टेणी |
||
| 260 |
_c2004 _bआविष्कार पब्लिकेशन |
||
| 300 |
_a216 _bमोठा |
||
| 600 | _aशिवसेनाप्रमुख | ||
| 942 | _cBOOK | ||
| 999 |
_c202680 _d202680 |
||